US States Containing U - Statistics

General Stats
  • This quiz has been taken 566 times
    557 since last reset
  • The average score is 5 of 8
Answer Stats
State % Correct
Utah
83%
Kentucky
77%
Massachusetts
65%
Missouri
65%
South Carolina
64%
South Dakota
64%
Connecticut
61%
Louisiana
57%
No matching quizzes found
Score Distribution
Percent of People with Each Score
Percentile by Number Answered
Your Score History
You have not taken this quiz since the last reset